000 00428nam a2200181Ia 4500
001 3710
005 20260306145703.0
008 260306t2015||||xx |||||||||||||| ||spa||
041 _aESP
082 _a302
_bS12
100 _aSabucedo Cameselle, José Manuel
_eAUT
245 0 _aPsicología social
260 _c2015
300 _axiv, 509 páginas :
_c24 cm.
650 _aGEN
654 _aCPS
942 _cLIB
_dJUS
_fJUS
_2ddc
_n
999 _c3710
_d3710